[Event "Vlissingen HZ op 22nd"]
[Site "Vlissingen"]
[Date "2018.08.08"]
[Round "6"]
[White "Koedijk, Klaas Jan"]
[Black "Verwoert, Jef"]
[Result "0-1"]
[WhiteElo "1699"]
[BlackElo "2040"]
[PlyCount "74"]
[EventDate "2018.08.04"]
[EventType "swiss"]
[EventRounds "9"]
[EventCountry "NED"]
[SourceTitle "CBM 185 Extra"]
[Source "ChessBase"]
[SourceDate "2018.07.29"]
[SourceVersion "1"]
[SourceVersionDate "2018.07.29"]
[SourceQuality "1"]

1. e4 c5 2. Nf3 g6 3. d4 cxd4 4. Nxd4 Nc6 5. Nc3 Bg7 6. Be3 Nf6 7. Bc4 0-0 8. Bb3 Ng4 9. Nxc6 Nxe3 10. Nxd8 Nxd1 11. Rxd1 Bxc3+ 12. bxc3 Rxd8 13. 0-0 b6 14. Rd4 Bb7 15. f3 d6 16. Rfd1 Rac8 17. c4 Rc5 18. f4 Rdc8 19. e5 dxe5 20. Rd7 R8c7 21. fxe5 Bc8 22. Rxc7 Rxc7 23. Kf2 Kg7 24. Rd4 f6 25. exf6+ exf6 26. c3 f5 27. Bd1 Be6 28. Bb3 Kf6 29. g3 Ke5 30. Ke2 g5 31. Ke3 b5 32. Kd3 bxc4+ 33. Bxc4 Bxc4+ 34. Rxc4 Rxc4 35. Kxc4 Ke4 36. Kb3 f4 37. Kc2 Ke3 0-1

[Event "Groningen op-B 55th"]
[Site "Groningen"]
[Date "2017.12.28"]
[Round "7"]
[White "Martinez, Anna"]
[Black "Koedijk, Klaas Jan"]
[Result "1-0"]
[WhiteElo "1793"]
[BlackElo "1706"]
[PlyCount "69"]
[EventDate "2017.12.22"]
[EventType "swiss"]
[EventRounds "9"]
[EventCountry "NED"]
[SourceTitle "CBM 182 Extra"]
[Source "ChessBase"]
[SourceDate "2018.02.23"]
[SourceVersion "1"]
[SourceVersionDate "2018.02.23"]
[SourceQuality "1"]

1. d4 Nf6 2. c4 c5 3. d5 e6 4. Nc3 exd5 5. cxd5 d6 6. e4 g6 7. Bd3 Bg7 8. Nge2 0-0 9. 0-0 Re8 10. Ng3 a6 11. a4 b6 12. Bg5 Nbd7 13. Qd2 Qc7 14. Bh6 Bh8 15. h4 Bb7 16. h5 c4 17. Bc2 Nc5 18. f3 Ncd7 19. Kf2 Ne5 20. Rh1 Nfd7 21. Nge2 Nc5 22. g4 Ned3+ 23. Kg2 Rad8 24. b3 Ne5 25. b4 Ncd3 26. Rab1 Qe7 27. Bg5 Bf6 28. Be3 Qc7 29. g5 Bh8 30. f4 Nd7 31. Bxd3 cxd3 32. Qxd3 Rc8 33. Bd4 Qd8 34. hxg6 fxg6 35. Rxh7 1-0

[Event "Vlissingen HZ op 21st"]
[Site "Vlissingen"]
[Date "2017.08.06"]
[Round "2"]
[White "Koedijk, Klaas Jan"]
[Black "Nothnagel, Marian Can"]
[Result "0-1"]
[WhiteElo "1490"]
[BlackElo "2196"]
[PlyCount "48"]
[EventDate "2017.08.05"]
[EventType "swiss"]
[EventRounds "9"]
[EventCountry "NED"]
[SourceTitle "CBM 179 Extra"]
[Source "ChessBase"]
[SourceDate "2017.08.23"]
[SourceVersion "1"]
[SourceVersionDate "2017.08.23"]
[SourceQuality "1"]

1. e4 e5 2. Nf3 Nc6 3. Bc4 Bc5 4. c3 Nf6 5. d3 d6 6. Bb3 0-0 7. 0-0 Bb6 8. Nbd2 Ne7 9. Nc4 Ng6 10. Nxb6 axb6 11. Be3 h6 12. Qd2 Kh7 13. Kh1 Nh5 14. Bc2 Qf6 15. d4 Ngf4 16. Ng1 g5 17. Ne2 Nxg2 18. Kxg2 Bh3+ 19. Kxh3 Qf3+ 20. Ng3 g4+ 21. Kh4 Qg2 22. Kxg4 f5+ 23. exf5 Nf6+ 24. Kh4 Qxh2# 0-1

[Event "NED-ch U12 op"]
[Site "Borne"]
[Date "2013.08.09"]
[Round "9"]
[White "Koedijk, Klaas Jan"]
[Black "Kalkman, Lorena"]
[Result "1/2-1/2"]
[WhiteElo "790"]
[BlackElo "1010"]
[PlyCount "35"]
[EventDate "2013.08.05"]
[EventType "swiss"]
[EventRounds "13"]
[EventCountry "NED"]
[SourceTitle "EXT 2015"]
[Source "ChessBase"]
[SourceDate "2014.11.20"]
[SourceVersion "1"]
[SourceVersionDate "2014.11.20"]
[SourceQuality "1"]

1. d4 d5 2. Nc3 c6 3. Bf4 Bf5 4. e3 Nf6 5. Nf3 e6 6. Bd3 Bg6 7. 0-0 Bd6 8. Bxd6 Qxd6 9. Bxg6 hxg6 10. h3 Nbd7 11. Qd3 0-0 12. e4 dxe4 13. Nxe4 Nxe4 14. Qxe4 Nf6 15. Qe5 Rad8 16. c3 Qxe5 17. Nxe5 Nd7 18. Rfe1 1/2-1/2

[Event "NED-ch U12 op"]
[Site "Borne"]
[Date "2013.08.07"]
[Round "6"]
[White "Reichardt, Robin"]
[Black "Koedijk, Klaas Jan"]
[Result "1-0"]
[WhiteElo "1492"]
[BlackElo "790"]
[PlyCount "137"]
[EventDate "2013.08.05"]
[EventType "swiss"]
[EventRounds "13"]
[EventCountry "NED"]
[SourceTitle "EXT 2015"]
[Source "ChessBase"]
[SourceDate "2014.11.20"]
[SourceVersion "1"]
[SourceVersionDate "2014.11.20"]
[SourceQuality "1"]

1. d4 c5 2. d5 Nf6 3. c4 g6 4. Nc3 Bg7 5. Nf3 0-0 6. e4 d6 7. Be2 Qa5 8. 0-0 Qb6 9. Rb1 e6 10. Be3 Na6 11. a3 exd5 12. exd5 Bf5 13. Bd3 Bxd3 14. Qxd3 Ng4 15. Bf4 Rad8 16. h3 Nf6 17. Bg5 Rd7 18. Rfe1 Qd8 19. Ne4 Nc7 20. Re2 Re8 21. Nxf6+ Bxf6 22. Bxf6 Qxf6 23. Rbe1 Rde7 24. Rxe7 Rxe7 25. Rxe7 Qxe7 26. b3 b6 27. Kf1 Kg7 28. Qc3+ Qf6 29. Qxf6+ Kxf6 30. h4 h6 31. Ke2 b5 32. Kd3 Kf5 33. b4 cxb4 34. axb4 a6 35. Kd4 bxc4 36. Kxc4 g5 37. hxg5 hxg5 38. Nd4+ Ke4 39. f3+ Ke5 40. Nc6+ Kf4 41. Nd8 f5 42. Nf7 g4 43. Nxd6 gxf3 44. gxf3 Ke5 45. Nf7+ Kf4 46. d6 Ne6 47. d7 Kxf3 48. Kd5 Nc7+ 49. Kd6 Nb5+ 50. Kc6 Nd4+ 51. Kd5 Nb5 52. d8Q Nc3+ 53. Kc4 Ne4 54. Ng5+ Kf4 55. Nxe4 Kxe4 56. Qa8+ Ke3 57. Qxa6 f4 58. Qf6 Ke4 59. Qe6+ Kf3 60. b5 Kg3 61. b6 f3 62. b7 f2 63. Qf6 Kg2 64. b8Q f1Q+ 65. Qxf1+ Kxf1 66. Qb2 Ke1 67. Kd3 Kf1 68. Qh2 Ke1 69. Qe2# 1-0